|
|
|
|
| LEADER |
00970nam a22002777a 4500 |
| 001 |
27855 |
| 003 |
BD-DhAAL |
| 005 |
20151021020002.0 |
| 008 |
140126b enkb|||| b||| 00| 0 eng d |
| 020 |
|
|
|a 9781848310582
|
| 040 |
|
|
|a BD-DhAAL
|c BD-DhAAL
|
| 082 |
|
|
|a 335.41
|
| 100 |
|
|
|a Woodfin, Rupert.
|9 3749
|
| 245 |
|
|
|a Introducing marxism /
|c Rupert Woodfin, Oscar Zarate.
|
| 260 |
|
|
|a London :,
|b Icon Books,
|c 2013
|
| 300 |
|
|
|a 176 :
|b ill. ;
|c 17 cm.
|
| 490 |
|
|
|a Introducing
|
| 504 |
|
|
|a Includes bibliographical references (p. 174-175)
|
| 541 |
|
|
|e 27855
|
| 600 |
|
|
|a Marx, Karl
|d 1818-1883.
|9 3750
|
| 650 |
|
|
|a Socialism
|x History
|9 3751
|
| 700 |
|
|
|a Zarate, Oscar
|9 3748
|
| 852 |
|
|
|a Ayesha Abed Library
|c General Shelf
|
| 942 |
|
|
|2 ddc
|c BK
|0 3
|
| 999 |
|
|
|c 14147
|d 14147
|
| 952 |
|
|
|0 0
|1 0
|2 ddc
|4 0
|6 335_410000000000000_WOO
|7 0
|9 23844
|a BRACUL
|b BRACUL
|c GEN
|d 2014-01-26
|e Trim Education
|g 1495.00
|l 25
|m 147
|o 335.41 WOO
|p 3010027855
|r 2026-05-12
|s 2026-04-29
|t 1
|w 2014-01-26
|y BK
|